书目信息 |
| 题名: |
板片空间结构分析计算与设计施工
|
|
| 作者: | 王星 著 | |
| 分册: | ||
| 出版信息: | 合肥 安徽科学技术出版社 2004.11 |
|
| 页数: | 224页 | |
| 开本: | 23cm | |
| 丛书名: | ||
| 单 册: | ||
| 中图分类: | TU33 | |
| 科图分类: | ||
| 主题词: | 空间结构--kong jian jie gou--结构分析 , 空间结构--kong jian jie gou--结构计算 , 空间结构--kong jian jie gou--工程施工 | |
| 电子资源: | ||
| ISBN: | 7-5337-3089-5 | |
| 000 | 00985nam0 2200253 450 | |
| 001 | 012007231364 | |
| 005 | 20071010153055.96 | |
| 010 | @a7-5337-3089-5@dCNY35.00 | |
| 100 | @a20070806d2004 km y0chiy0120 ea | |
| 101 | 0 | @achi |
| 102 | @aCN@b340000 | |
| 105 | @aa a 000yy | |
| 200 | 1 | @a板片空间结构分析计算与设计施工@Aban pian kong jian jie gou fen xi ji suan yu she ji shi gong@f王星著@Fwang xing zhu |
| 210 | @a合肥@c安徽科学技术出版社@d2004.11 | |
| 215 | @a224页@c图@d23cm | |
| 320 | @a有书目 (第223-224页)。 | |
| 330 | @a本书共十章。分别介绍了板片空间结构的受力性能,板片空间结构的特殊形式等。空间结构在世界范围内得到了迅猛的发展,在体育馆、展览大厅、会议厅等公共建筑及工业厂房等建筑中得到了挂钩耐烦的应用。 | |
| 606 | 0 | @a空间结构@Akong jian jie gou@x结构分析 |
| 606 | 0 | @a空间结构@Akong jian jie gou@x结构计算 |
| 606 | 0 | @a空间结构@Akong jian jie gou@x工程施工 |
| 690 | @aTU33@v4 | |
| 701 | 0 | @a王星@Awang xing@4著 |
| 801 | 0 | @aCN@c20071010 |
| 905 | @dTU33@eW402 | |
| 板片空间结构分析计算与设计施工/王星著.-合肥:安徽科学技术出版社,2004.11 |
| 224页:图;23cm |
| ISBN 7-5337-3089-5:CNY35.00 |
| 本书共十章。分别介绍了板片空间结构的受力性能,板片空间结构的特殊形式等。空间结构在世界范围内得到了迅猛的发展,在体育馆、展览大厅、会议厅等公共建筑及工业厂房等建筑中得到了挂钩耐烦的应用。 |
| ● |
| 相关链接 |
|
|
|
正题名:板片空间结构分析计算与设计施工
索取号:TU33/W402
 
预约/预借
| 序号 | 登录号 | 条形码 | 馆藏地/架位号 | 状态 | 备注 |
| 1 | 253787 | 202537870 | 建筑库101/101建筑库 81排4列3层/ [索取号:TU33/W402] | 在馆 | |
| 2 | 253788 | 202537889 | 建筑库101/101建筑库 81排4列3层/ [索取号:TU33/W402] | 在馆 | |
| 3 | 253789 | 202537898 | 建筑库101/101建筑库 81排4列3层/ [索取号:TU33/W402] | 在馆 |